Statistics for UK TV Characters - Click Quiz

Click here to take the quiz!

General Stats

  • This quiz has been taken 59 times
  • The average score is 17 of 25

Answer Stats

HintAnswer% Correct
David BrentThe Office
95%
Lady Mary CrawleyDownton Abbey
93%
Vicky PollardLittle Britain
86%
PoTeletubbies
86%
BaldrickBlackadder
84%
Thomas "Tommy" ShelbyPeaky Blinders
84%
Ian BealeEastenders
82%
ZippyRainbow
77%
Frank GallagherShameless
75%
Herr Otto Flick'Allo 'Allo!
73%
TriggerOnly Fools and Horses
73%
Vyvyan BastardThe Young Ones
73%
Neil "Smithy" SmithGavin and Stacey
70%
Gene HuntLife on Mars
70%
Dr. Sam RyanSilent Witness
70%
Great Uncle BulgariaThe Wombles
70%
Brian "Bomber" BusbridgeAuf Weidersehen, Pet
66%
Mrs GogginsPostman Pat
57%
Arnold RimmerRed Dwarf
57%
Yosser HughesBoys From The Blackstuff
55%
Number SixThe Prisoner
52%
Jack ReganThe Sweeney
52%
The Phantom Flan FlingerTiswas
52%
Lady Penelope Creighton-WardThunderbirds
45%
Megan HarriesPobol y Cwm
25%

Score Distribution

Percentile by Number Answered

Percent of People with Each Score

Your Score History

You have not taken this quiz